Disney Trivia- Letter A - Statistics

General Stats
  • This quiz has been taken 311 times
  • The average score is 9 of 15
Answer Stats
Questions Answers % Correct
Who wants to build a snowman? Anna
97%
Who fell down a rabbit hole? Alice
96%
Who rides around on a flying carpet? Aladdin
92%
Snow White eats a poisonous one Apple
91%
Who has friends called Flounder and Scuttle? Ariel
87%
The name of the Princess in Sleeping Beauty Aurora
83%
This greedy monkey lives in Agrabah Abu
77%
What animal is Louis from The Princess and the Frog? Alligator
62%
What is the name of the city where Princess Jasmine lives? Agrabah
61%
The name of a song from The Princess and the frog Almost there
51%
Fill in the blank: Drip drip drop little ______ showers April
44%
Place that Elsa is queen of Arandelle
35%
The name of one of the themed lands in the Disney land parks Adventureland
25%
The name of the race car attraction at Disneyland Autopia
13%
What is the name of Merida's horse? Agnus
11%
No matching quizzes found
Score Distribution
Percent of People with Each Score
Percentile by Number Answered
Your Score History
You have not taken this quiz